000 00860cad a22002295a 4500
001 E147623
008 090529e20090101xxk f 000 0 eng d
035 _a(Sirsi) u147623
041 0 _aeng
050 0 4 _a692.5 $2 18
110 1 _aBuilding Cost Information Service
_91096
245 0 0 _aSummary of daywork rates Scotland (2006-2009)
_h[electronic resource]
260 _aLondon
_bRICS
_c2009
490 0 _aRICS Feature
520 _aA summary, by table, of the definition of Prime Cost of Dayworks - Calculations of Hourly Base Rates of Labour. The rates are to be used as guides only.
521 _aAdvanced
590 _aKA
651 4 _aScotland
_y1999-
690 _aBUILT ENVIRONMENT-BUILDING COSTS
856 4 0 _uhttps://www.rics.org/RICSWEB/getpage.aspx?p=m3-1HJW8BUuepFwICqrWLg
_zView the rates free of charge at www.rics.org...
942 _n0
999 _c109660
_d109660